<?xml version="1.0" encoding="UTF-8"?>
<record
    xmlns:xsi="http://www.w3.org/2001/XMLSchema-instance"
    xsi:schemaLocation="http://www.loc.gov/MARC21/slim http://www.loc.gov/standards/marcxml/schema/MARC21slim.xsd"
    xmlns="http://www.loc.gov/MARC21/slim">

  <leader>     nam a22     7a 4500</leader>
  <datafield tag="999" ind1=" " ind2=" ">
    <subfield code="c">336555</subfield>
    <subfield code="d">336555</subfield>
  </datafield>
  <controlfield tag="003">IT-MiCISF</controlfield>
  <controlfield tag="005">20170331154031.0</controlfield>
  <controlfield tag="008">170331b        xxu||||| |||| 00| 0 eng d</controlfield>
  <datafield tag="040" ind1=" " ind2=" ">
    <subfield code="c">IT-MiCISF</subfield>
  </datafield>
  <datafield tag="041" ind1=" " ind2=" ">
    <subfield code="a">it</subfield>
  </datafield>
  <datafield tag="100" ind1=" " ind2=" ">
    <subfield code="a">Malfer Luciano, Siniscalchi Ermenegilda (a cura di)</subfield>
    <subfield code="9">56327</subfield>
  </datafield>
  <datafield tag="245" ind1=" " ind2=" ">
    <subfield code="a">Festival della Famiglia di Trento</subfield>
    <subfield code="b">L'ecosistema vita e lavoro. Occupazione femminile e natalit&#xE0;, benessere e crescita economica</subfield>
  </datafield>
  <datafield tag="260" ind1=" " ind2=" ">
    <subfield code="a">Milano</subfield>
    <subfield code="b">Franco Angeli</subfield>
    <subfield code="c">2016</subfield>
  </datafield>
  <datafield tag="300" ind1=" " ind2=" ">
    <subfield code="a">pp. 159</subfield>
  </datafield>
  <datafield tag="500" ind1=" " ind2=" ">
    <subfield code="a">famiglia, lavoro, natalit&#xE0;, madre-lavoratrice, politica-familiare, welfare, territorio, sviluppo-economico, servizi-infanzia, associazioni, maternit&#xE0;</subfield>
  </datafield>
  <datafield tag="520" ind1=" " ind2=" ">
    <subfield code="a">La conciliazione tra vita lavorativa e vita familiare &#xE8; divenuta negli ultimi anni uno degli obiettivi centrali delle politiche sociali e familiari in tutti i Paesi aderenti all'Unione europea. Le politiche di conciliazione tra vita professionale e vita familiare vanno implementate secondo logiche sinergiche ispirate alla sussidiariet&#xE0; e all'innovazione sociale e tecnologica. Le potenzialit&#xE0; di queste azioni per rinforzare le politiche di sviluppo locale, anche in un contesto di crisi, sono rilevanti per sostenere i livelli di occupazione femminile, i tassi di natalit&#xE0;, il benessere delle famiglie, ma nel contempo anche la produttivit&#xE0; aziendale, consentendo di sviluppare nuovi servizi e nuove opportunit&#xE0; per imprese e famiglie. Queste politiche richiedono la messa in campo di una nuova architettura di policy pubbliche, fortemente orientate a sostenere modelli di governance partecipati da tutti gli attori del sistema.</subfield>
  </datafield>
  <datafield tag="650" ind1=" " ind2=" ">
    <subfield code="a">politica-familiare</subfield>
    <subfield code="9">56074</subfield>
  </datafield>
  <datafield tag="654" ind1=" " ind2=" ">
    <subfield code="a">studio</subfield>
  </datafield>
  <datafield tag="700" ind1=" " ind2=" ">
    <subfield code="a">Mosca M.</subfield>
    <subfield code="a">Viale V.</subfield>
    <subfield code="a">Zattoni A.</subfield>
    <subfield code="a">Parente M.</subfield>
    <subfield code="a">Cagliari P.</subfield>
    <subfield code="a">Mas&#xE9; C.</subfield>
    <subfield code="a">Vultaggio A.</subfield>
    <subfield code="a">Gianello P.</subfield>
    <subfield code="a">Parolari F.</subfield>
    <subfield code="a">Violi C.</subfield>
    <subfield code="a">Zavaritt A.</subfield>
    <subfield code="a">Totaro I.</subfield>
    <subfield code="a">Macchi M.</subfield>
    <subfield code="a">Trettel L.</subfield>
    <subfield code="a">Zezza R.</subfield>
    <subfield code="a">Peraro Guandalini S.</subfield>
    <subfield code="a">Belletti F.</subfield>
    <subfield code="a">Riccio S.</subfield>
    <subfield code="a">Saccone L.</subfield>
    <subfield code="9">56328</subfield>
  </datafield>
  <datafield tag="942" ind1=" " ind2=" ">
    <subfield code="2">ddc</subfield>
    <subfield code="c">BK</subfield>
  </datafield>
  <datafield tag="952" ind1=" " ind2=" ">
    <subfield code="0">0</subfield>
    <subfield code="1">0</subfield>
    <subfield code="2">ddc</subfield>
    <subfield code="4">0</subfield>
    <subfield code="6">B_7261_000000000000000</subfield>
    <subfield code="7">1</subfield>
    <subfield code="a">CISF</subfield>
    <subfield code="b">CISF</subfield>
    <subfield code="d">2017-03-31</subfield>
    <subfield code="l">0</subfield>
    <subfield code="o">b7261</subfield>
    <subfield code="r">2017-03-31 00:00:00</subfield>
    <subfield code="w">2017-03-31</subfield>
    <subfield code="y">BK</subfield>
  </datafield>
</record>
